[Event "DEM U16 2025"]
[Site "Willingen GER"]
[Date "2025.06.08"]
[Round "2"]
[White "Korchynskyi, Mykola"]
[Black "Nuñez Grégoire, Daniel"]
[Result "1-0"]
[Termination "normal"]
[Board "1"]
[WhiteTitle "FM"]
[WhiteElo "2335"]
[BlackElo "2167"]
[WhiteClock "00:35:57"]
[BlackClock "00:28:56"]
[PlyCount "87"]
[WhiteFideId "34138005"]
[BlackFideId "34627103"]
[EventCountry "GER"]
[EventRounds "9"]
[EventType "swiss"]
[EventDate "2025.06.07"]

1. d4 {[%clk 01:30:56]} {[%emt 00:00:04]} d5 {[%clk 01:30:57]} {[%emt
00:00:03]} 2. c4 {[%clk 01:31:03]} {[%emt 00:00:23]} e6 {[%clk 01:31:23]}
{[%emt 00:00:04]} 3. Nc3 {[%clk 01:31:28]} {[%emt 00:00:04]} Nf6 {[%clk
01:31:48]} {[%emt 00:00:06]} 4. cxd5 {[%clk 01:31:49]} {[%emt 00:00:09]} exd5
{[%clk 01:32:12]} {[%emt 00:00:06]} 5. Bg5 {[%clk 01:32:05]} {[%emt 00:00:13]}
c6 {[%clk 01:32:28]} {[%emt 00:00:14]} 6. e3 {[%clk 01:31:48]} {[%emt
00:00:48]} h6 {[%clk 01:32:26]} {[%emt 00:00:31]} 7. Bh4 {[%clk 01:18:59]}
{[%emt 00:13:20]} Be7 {[%clk 01:32:16]} {[%emt 00:00:40]} 8. Bd3 {[%clk
01:19:09]} {[%emt 00:00:19]} O-O {[%clk 01:32:26]} {[%emt 00:00:21]} 9. Qc2
{[%clk 01:15:44]} {[%emt 00:03:55]} Re8 {[%clk 01:32:20]} {[%emt 00:00:35]} 10.
Nf3 {[%clk 01:09:58]} {[%emt 00:06:17]} Nbd7 {[%clk 01:32:17]} {[%emt
00:00:33]} 11. O-O {[%clk 01:07:01]} {[%emt 00:03:27]} Ne4 {[%clk 01:31:38]}
{[%emt 00:01:09]} 12. Bxe4 {[%clk 01:01:59]} {[%emt 00:05:31]} Bxh4 {[%clk
01:31:22]} {[%emt 00:00:45]} 13. Bh7+ {[%clk 01:02:22]} {[%emt 00:00:07]} Kh8
{[%clk 01:31:52]} 14. Bd3 {[%clk 00:59:04]} {[%emt 00:03:49]} Be7 {[%clk
01:30:09]} {[%emt 00:02:13]} 15. Rab1 {[%clk 00:57:38]} {[%emt 00:01:56]} a5
{[%clk 01:29:12]} {[%emt 00:01:27]} 16. a3 {[%clk 00:57:32]} {[%emt 00:00:37]}
Bd6 {[%clk 01:23:45]} {[%emt 00:05:56]} 17. b4 {[%clk 00:44:23]} {[%emt
00:13:39]} Qe7 {[%clk 01:21:48]} {[%emt 00:02:26]} 18. Qb3 {[%clk 00:29:52]}
{[%emt 00:15:02]} Nf6 {[%clk 01:18:03]} {[%emt 00:04:15]} 19. Rfe1 {[%clk
00:27:29]} {[%emt 00:02:53]} Ne4 {[%clk 01:16:34]} {[%emt 00:01:58]} 20. Bxe4
{[%clk 00:24:41]} {[%emt 00:03:19]} dxe4 {[%clk 01:13:32]} {[%emt 00:03:32]}
21. Nd2 {[%clk 00:25:05]} {[%emt 00:00:06]} axb4 {[%clk 01:06:21]} {[%emt
00:07:40]} 22. axb4 {[%clk 00:25:26]} {[%emt 00:00:10]} Be6 {[%clk 01:05:09]}
{[%emt 00:01:41]} 23. Qb2 {[%clk 00:24:07]} {[%emt 00:01:43]} Bf5 {[%clk
01:03:46]} {[%emt 00:02:00]} 24. b5 {[%clk 00:21:19]} {[%emt 00:03:19]} Qh4
{[%clk 00:53:59]} {[%emt 00:10:16]} 25. Nf1 {[%clk 00:17:48]} {[%emt 00:04:01]}
c5 {[%clk 00:41:56]} {[%emt 00:12:33]} 26. dxc5 {[%clk 00:16:44]} {[%emt
00:01:33]} Bxc5 {[%clk 00:41:44]} {[%emt 00:00:43]} 27. Red1 {[%clk 00:15:29]}
{[%emt 00:01:45]} Qf6 {[%clk 00:33:32]} {[%emt 00:08:41]} 28. Ng3 {[%clk
00:12:28]} {[%emt 00:03:30]} Bg6 {[%clk 00:31:53]} {[%emt 00:02:09]} 29. Rd5
{[%clk 00:09:52]} {[%emt 00:03:05]} Rec8 {[%clk 00:28:45]} {[%emt 00:03:39]}
30. Nge2 {[%clk 00:09:36]} {[%emt 00:00:46]} Bd6 {[%clk 00:26:24]} {[%emt
00:02:52]} 31. Nd4 {[%clk 00:06:06]} {[%emt 00:03:59]} Rd8 {[%clk 00:19:10]}
{[%emt 00:07:45]} 32. Rd1 {[%clk 00:04:50]} {[%emt 00:01:46]} Rac8 {[%clk
00:16:42]} {[%emt 00:02:58]} 33. h3 {[%clk 00:04:59]} {[%emt 00:00:20]} Bc7
{[%clk 00:14:59]} {[%emt 00:02:13]} 34. Qb3 {[%clk 00:04:26]} {[%emt 00:01:04]}
Ba5 {[%clk 00:10:17]} {[%emt 00:05:12]} 35. Rxd8+ {[%clk 00:04:46]} {[%emt
00:00:10]} Qxd8 {[%clk 00:09:39]} {[%emt 00:01:07]} 36. Nc6 {[%clk 00:04:09]}
{[%emt 00:01:07]} Qb6 {[%clk 00:08:30]} {[%emt 00:01:38]} 37. Nd5 {[%clk
00:04:19]} {[%emt 00:00:21]} Qc5 {[%clk 00:06:56]} {[%emt 00:02:04]} 38. Nxa5
{[%clk 00:04:43]} {[%emt 00:00:05]} Bh5 {[%clk 00:05:23]} {[%emt 00:02:04]} 39.
g4 {[%clk 00:04:57]} {[%emt 00:00:16]} Qa7 {[%clk 00:02:26]} {[%emt 00:03:28]}
40. Nc4 {[%clk 00:04:48]} {[%emt 00:00:37]} Qc5 {[%clk 00:00:44]} {[%emt
00:02:13]} 41. gxh5 {[%clk 00:04:52]} {[%emt 00:00:27]} Qxc4 {[%clk 00:28:35]}
{[%emt 00:02:39]} 42. Qxc4 {[%clk 00:35:17]} {[%emt 00:00:05]} Rxc4 {[%clk
00:28:57]} {[%emt 00:00:07]} 43. Nf4 {[%clk 00:35:45]} {[%emt 00:00:03]} Rb4
{[%clk 00:28:56]} {[%emt 00:00:30]} 44. Rd5 {[%clk 00:35:57]} {[%emt 00:00:19]}
1-0

[Event "DEM U16 2025"]
[Site "Willingen GER"]
[Date "2025.06.08"]
[Round "2"]
[White "Zobel, Christian"]
[Black "Schuricht, Emil Frederick"]
[Result "1/2-1/2"]
[Termination "normal"]
[Board "2"]
[WhiteTitle "CM"]
[BlackTitle "FM"]
[WhiteElo "2158"]
[BlackElo "2328"]
[WhiteClock "00:13:08"]
[BlackClock "00:08:37"]
[PlyCount "71"]
[WhiteFideId "16259068"]
[BlackFideId "16270185"]
[EventCountry "GER"]
[EventRounds "9"]
[EventType "swiss"]
[EventDate "2025.06.07"]

1. d4 {[%clk 01:30:39]} {[%emt 00:00:20]} d5 {[%clk 01:30:53]} {[%emt
00:00:07]} 2. c4 {[%clk 01:31:04]} {[%emt 00:00:06]} e6 {[%clk 01:31:01]}
{[%emt 00:00:22]} 3. Nc3 {[%clk 01:30:56]} {[%emt 00:00:37]} h6 {[%clk
01:31:19]} {[%emt 00:00:12]} 4. cxd5 {[%clk 01:29:42]} {[%emt 00:01:44]} exd5
{[%clk 01:28:29]} {[%emt 00:03:20]} 5. Bf4 {[%clk 01:30:02]} {[%emt 00:00:10]}
Nf6 {[%clk 01:28:16]} {[%emt 00:00:43]} 6. e3 {[%clk 01:30:08]} {[%emt
00:00:24]} Bd6 {[%clk 01:27:23]} {[%emt 00:01:23]} 7. Bxd6 {[%clk 01:29:21]}
{[%emt 00:01:18]} Qxd6 {[%clk 01:27:38]} {[%emt 00:00:15]} 8. Bd3 {[%clk
01:29:24]} {[%emt 00:00:27]} O-O {[%clk 01:26:33]} {[%emt 00:01:34]} 9. Qc2
{[%clk 01:27:06]} {[%emt 00:02:49]} b6 {[%clk 01:25:40]} {[%emt 00:01:23]} 10.
Nge2 {[%clk 01:21:54]} {[%emt 00:05:42]} c5 {[%clk 01:24:40]} {[%emt 00:01:29]}
11. h3 {[%clk 01:16:23]} {[%emt 00:06:01]} Nc6 {[%clk 01:23:37]} {[%emt
00:01:33]} 12. a3 {[%clk 01:15:57]} {[%emt 00:00:57]} c4 {[%clk 01:17:15]}
{[%emt 00:06:52]} 13. Bf5 {[%clk 01:14:11]} {[%emt 00:02:15]} Rb8 {[%clk
01:16:09]} {[%emt 00:01:37]} 14. O-O {[%clk 01:10:09]} {[%emt 00:04:32]} b5
{[%clk 01:15:22]} {[%emt 00:01:16]} 15. Bxc8 {[%clk 01:07:22]} {[%emt
00:03:16]} Rfxc8 {[%clk 01:14:30]} {[%emt 00:01:22]} 16. Qf5 {[%clk 01:03:18]}
{[%emt 00:04:34]} Rd8 {[%clk 01:07:24]} {[%emt 00:07:36]} 17. Rfd1 {[%clk
00:55:38]} {[%emt 00:08:10]} a5 {[%clk 00:56:09]} {[%emt 00:11:45]} 18. e4
{[%clk 00:50:27]} {[%emt 00:05:40]} g6 {[%clk 00:51:04]} {[%emt 00:05:36]} 19.
Qf3 {[%clk 00:50:06]} {[%emt 00:00:51]} dxe4 {[%clk 00:50:37]} {[%emt
00:00:57]} 20. Nxe4 {[%clk 00:49:26]} {[%emt 00:01:10]} Nxe4 {[%clk 00:50:59]}
{[%emt 00:00:08]} 21. Qxe4 {[%clk 00:49:54]} {[%emt 00:00:02]} Ne7 {[%clk
00:46:03]} {[%emt 00:05:26]} 22. Rac1 {[%clk 00:46:32]} {[%emt 00:03:52]} Nd5
{[%clk 00:39:39]} {[%emt 00:06:53]} 23. Qf3 {[%clk 00:40:39]} {[%emt 00:06:22]}
Rbc8 {[%clk 00:38:43]} {[%emt 00:01:27]} 24. Nc3 {[%clk 00:32:24]} {[%emt
00:08:45]} Nxc3 {[%clk 00:38:49]} {[%emt 00:00:25]} 25. Rxc3 {[%clk 00:31:52]}
{[%emt 00:01:02]} h5 {[%clk 00:35:10]} {[%emt 00:04:08]} 26. h4 {[%clk
00:29:08]} {[%emt 00:03:14]} Rc7 {[%clk 00:33:04]} {[%emt 00:02:36]} 27. g3
{[%clk 00:26:08]} {[%emt 00:03:31]} b4 {[%clk 00:19:19]} {[%emt 00:14:15]} 28.
axb4 {[%clk 00:25:46]} {[%emt 00:00:51]} axb4 {[%clk 00:19:39]} {[%emt
00:00:10]} 29. Rcc1 {[%clk 00:24:31]} {[%emt 00:01:45]} Qa6 {[%clk 00:17:08]}
{[%emt 00:03:00]} 30. d5 {[%clk 00:19:00]} {[%emt 00:06:02]} Qa2 {[%clk
00:12:08]} {[%emt 00:05:30]} 31. Qf4 {[%clk 00:17:35]} {[%emt 00:01:55]} Rc5
{[%clk 00:10:50]} {[%emt 00:01:49]} 32. Qe5 {[%clk 00:14:10]} {[%emt 00:03:54]}
Qa8 {[%clk 00:09:32]} {[%emt 00:01:48]} 33. Qf4 {[%clk 00:12:15]} {[%emt
00:02:25]} Rdxd5 {[%clk 00:08:11]} {[%emt 00:01:51]} 34. Rxd5 {[%clk 00:12:35]}
{[%emt 00:00:10]} Qxd5 {[%clk 00:08:35]} {[%emt 00:00:07]} 35. Qb8+ {[%clk
00:12:45]} {[%emt 00:00:19]} Kh7 {[%clk 00:08:37]} {[%emt 00:00:29]} 36. Qxb4
{[%clk 00:13:08]} {[%emt 00:00:07]} 1/2-1/2

[Event "DEM U16 2025"]
[Site "Willingen GER"]
[Date "2025.06.08"]
[Round "2"]
[White "Atoyan, Alberto"]
[Black "Marcziter, Alex"]
[Result "0-1"]
[Termination "normal"]
[Board "3"]
[WhiteTitle "CM"]
[WhiteElo "2266"]
[BlackElo "2102"]
[WhiteClock "00:15:26"]
[BlackClock "00:31:52"]
[PlyCount "62"]
[WhiteFideId "13314831"]
[BlackFideId "16258126"]
[EventCountry "GER"]
[EventRounds "9"]
[EventType "swiss"]
[EventDate "2025.06.07"]

1. e4 {[%clk 01:30:57]} {[%emt 00:00:02]} e5 {[%clk 01:30:28]} {[%emt
00:00:32]} 2. Nf3 {[%clk 01:31:20]} {[%emt 00:00:07]} Nc6 {[%clk 01:30:09]}
{[%emt 00:00:50]} 3. d4 {[%clk 01:31:45]} {[%emt 00:00:05]} exd4 {[%clk
01:29:43]} {[%emt 00:00:55]} 4. Nxd4 {[%clk 01:32:11]} {[%emt 00:00:05]} Bc5
{[%clk 01:28:36]} {[%emt 00:01:36]} 5. Nb3 {[%clk 01:32:35]} {[%emt 00:00:06]}
Bb6 {[%clk 01:27:29]} {[%emt 00:01:37]} 6. Qe2 {[%clk 01:32:59]} {[%emt
00:00:06]} d6 {[%clk 01:23:55]} {[%emt 00:04:04]} 7. Be3 {[%clk 01:33:01]}
{[%emt 00:00:29]} Nf6 {[%clk 01:22:36]} {[%emt 00:01:49]} 8. Nc3 {[%clk
01:33:25]} {[%emt 00:00:06]} h6 {[%clk 01:17:05]} {[%emt 00:06:01]} 9. O-O-O
{[%clk 01:31:24]} {[%emt 00:02:31]} O-O {[%clk 01:16:34]} {[%emt 00:01:01]} 10.
f3 {[%clk 01:30:09]} {[%emt 00:01:46]} Re8 {[%clk 01:12:36]} {[%emt 00:04:27]}
11. g4 {[%clk 01:22:03]} {[%emt 00:08:37]} Nh7 {[%clk 01:09:33]} {[%emt
00:03:32]} 12. h4 {[%clk 01:20:05]} {[%emt 00:02:29]} Be6 {[%clk 01:06:13]}
{[%emt 00:03:50]} 13. Kb1 {[%clk 01:13:00]} {[%emt 00:07:35]} Ne5 {[%clk
00:55:55]} {[%emt 00:10:48]} 14. Bxb6 {[%clk 01:00:13]} {[%emt 00:13:17]} axb6
{[%clk 00:56:04]} {[%emt 00:00:21]} 15. Qe3 {[%clk 00:58:10]} {[%emt 00:02:33]}
Qf6 {[%clk 00:51:39]} {[%emt 00:04:55]} 16. Be2 {[%clk 00:56:14]} {[%emt
00:02:27]} Ng6 {[%clk 00:51:24]} {[%emt 00:00:43]} 17. Rdg1 {[%clk 00:49:06]}
{[%emt 00:07:39]} Nf4 {[%clk 00:47:30]} {[%emt 00:04:25]} 18. Bb5 {[%clk
00:45:51]} {[%emt 00:03:45]} c6 {[%clk 00:46:53]} {[%emt 00:01:05]} 19. Bd3
{[%clk 00:40:35]} {[%emt 00:05:47]} b5 {[%clk 00:42:05]} {[%emt 00:05:18]} 20.
Ne2 {[%clk 00:37:59]} {[%emt 00:03:06]} Bxb3 {[%clk 00:38:11]} {[%emt
00:04:24]} 21. axb3 {[%clk 00:37:20]} {[%emt 00:01:08]} Nxe2 {[%clk 00:36:29]}
{[%emt 00:02:13]} 22. Bxe2 {[%clk 00:37:14]} {[%emt 00:00:36]} Ra5 {[%clk
00:34:18]} {[%emt 00:02:42]} 23. g5 {[%clk 00:33:06]} {[%emt 00:04:39]} Rea8
{[%clk 00:33:40]} {[%emt 00:01:07]} 24. c4 {[%clk 00:30:42]} {[%emt 00:02:54]}
hxg5 {[%clk 00:31:28]} {[%emt 00:02:42]} 25. hxg5 {[%clk 00:30:56]} {[%emt
00:00:16]} Nxg5 {[%clk 00:31:29]} {[%emt 00:00:29]} 26. Qc3 {[%clk 00:13:55]}
{[%emt 00:17:31]} Qxc3 {[%clk 00:30:26]} {[%emt 00:01:33]} 27. bxc3 {[%clk
00:14:23]} {[%emt 00:00:02]} Ra1+ {[%clk 00:30:33]} {[%emt 00:00:23]} 28. Kc2
{[%clk 00:14:46]} {[%emt 00:00:07]} R8a2+ {[%clk 00:30:45]} {[%emt 00:00:17]}
29. Kd3 {[%clk 00:15:10]} {[%emt 00:00:07]} Rxg1 {[%clk 00:31:10]} {[%emt
00:00:05]} 30. Rxg1 {[%clk 00:15:36]} {[%emt 00:00:04]} Nh3 {[%clk 00:31:33]}
{[%emt 00:00:07]} 31. Re1 {[%clk 00:15:26]} {[%emt 00:00:40]} Nf4+ {[%clk
00:31:52]} {[%emt 00:00:11]} 0-1

[Event "DEM U16 2025"]
[Site "Willingen GER"]
[Date "2025.06.08"]
[Round "2"]
[White "Fruth, David"]
[Black "Klaska, Philipp Leon"]
[Result "1/2-1/2"]
[Termination "normal"]
[Board "4"]
[BlackTitle "FM"]
[WhiteElo "2131"]
[BlackElo "2248"]
[WhiteClock "00:30:12"]
[BlackClock "00:09:23"]
[PlyCount "42"]
[WhiteFideId "16257596"]
[BlackFideId "16238044"]
[EventCountry "GER"]
[EventRounds "9"]
[EventType "swiss"]
[EventDate "2025.06.07"]

1. e4 {[%clk 01:30:52]} {[%emt 00:00:07]} c5 {[%clk 01:30:47]} {[%emt
00:00:14]} 2. Nf3 {[%clk 01:31:20]} {[%emt 00:00:03]} Nc6 {[%clk 01:30:59]}
{[%emt 00:00:19]} 3. d4 {[%clk 01:31:47]} {[%emt 00:00:02]} cxd4 {[%clk
01:31:25]} {[%emt 00:00:03]} 4. Nxd4 {[%clk 01:32:10]} {[%emt 00:00:07]} g6
{[%clk 01:31:47]} {[%emt 00:00:09]} 5. Nc3 {[%clk 01:32:27]} {[%emt 00:00:12]}
Bg7 {[%clk 01:32:07]} {[%emt 00:00:10]} 6. Be3 {[%clk 01:32:53]} {[%emt
00:00:04]} Nf6 {[%clk 01:32:15]} {[%emt 00:00:21]} 7. Bc4 {[%clk 01:32:38]}
{[%emt 00:00:46]} O-O {[%clk 01:32:38]} {[%emt 00:00:07]} 8. f3 {[%clk
01:32:32]} {[%emt 00:00:38]} d5 {[%clk 01:30:11]} {[%emt 00:02:58]} 9. Bxd5
{[%clk 01:23:31]} {[%emt 00:09:37]} Nxd5 {[%clk 00:46:15]} {[%emt 00:45:10]}
10. Nxd5 {[%clk 01:22:16]} {[%emt 00:01:48]} Ne5 {[%clk 00:41:21]} {[%emt
00:05:31]} 11. Qe2 {[%clk 01:19:50]} {[%emt 00:02:56]} Bd7 {[%clk 00:35:30]}
{[%emt 00:06:30]} 12. c4 {[%clk 01:14:54]} {[%emt 00:05:35]} Rc8 {[%clk
00:34:45]} {[%emt 00:01:16]} 13. b3 {[%clk 01:13:51]} {[%emt 00:01:35]} e6
{[%clk 00:30:23]} {[%emt 00:04:58]} 14. Nc3 {[%clk 01:12:01]} {[%emt 00:02:24]}
Qa5 {[%clk 00:29:52]} {[%emt 00:01:02]} 15. Qd2 {[%clk 01:08:12]} {[%emt
00:04:28]} Rfd8 {[%clk 00:26:42]} {[%emt 00:03:46]} 16. Rd1 {[%clk 01:03:47]}
{[%emt 00:05:07]} a6 {[%clk 00:21:51]} {[%emt 00:05:28]} 17. O-O {[%clk
01:02:11]} {[%emt 00:02:07]} b5 {[%clk 00:19:46]} {[%emt 00:02:37]} 18. c5
{[%clk 00:49:26]} {[%emt 00:13:36]} Be8 {[%clk 00:18:32]} {[%emt 00:01:46]} 19.
Nce2 {[%clk 00:34:37]} {[%emt 00:15:50]} Qxd2 {[%clk 00:12:26]} {[%emt
00:06:44]} 20. Rxd2 {[%clk 00:30:00]} {[%emt 00:05:15]} Rxc5 {[%clk 00:11:44]}
{[%emt 00:01:13]} 21. Rfd1 {[%clk 00:30:12]} {[%emt 00:00:19]} Rdc8 {[%clk
00:09:23]} {[%emt 00:02:54]} 1/2-1/2

[Event "DEM U16 2025"]
[Site "Willingen GER"]
[Date "2025.06.08"]
[Round "2"]
[White "Sauer, Tim"]
[Black "Weber, Nikita"]
[Result "1-0"]
[Termination "normal"]
[Board "5"]
[WhiteElo "2181"]
[BlackElo "2074"]
[WhiteClock "00:00:49"]
[BlackClock "00:36:31"]
[PlyCount "49"]
[WhiteFideId "16265726"]
[BlackFideId "34608770"]
[EventCountry "GER"]
[EventRounds "9"]
[EventType "swiss"]
[EventDate "2025.06.07"]

1. Nf3 {[%clk 01:30:56]} {[%emt 00:00:03]} c5 {[%clk 01:30:59]} {[%emt
00:00:02]} 2. c4 {[%clk 01:30:37]} {[%emt 00:00:48]} g6 {[%clk 01:31:28]}
{[%emt 00:00:02]} 3. Nc3 {[%clk 01:30:52]} {[%emt 00:00:15]} Nf6 {[%clk
01:31:48]} {[%emt 00:00:09]} 4. g3 {[%clk 01:30:11]} {[%emt 00:01:11]} Bg7
{[%clk 01:30:52]} {[%emt 00:01:26]} 5. Bg2 {[%clk 01:30:09]} {[%emt 00:00:32]}
Nc6 {[%clk 01:28:42]} {[%emt 00:02:41]} 6. O-O {[%clk 01:23:18]} {[%emt
00:07:20]} O-O {[%clk 01:23:23]} {[%emt 00:05:49]} 7. a3 {[%clk 01:16:33]}
{[%emt 00:07:15]} b6 {[%clk 01:21:36]} {[%emt 00:02:17]} 8. Rb1 {[%clk
00:52:43]} {[%emt 00:24:19]} Bb7 {[%clk 01:18:53]} {[%emt 00:03:12]} 9. b4
{[%clk 00:51:54]} {[%emt 00:01:19]} d6 {[%clk 01:19:10]} {[%emt 00:00:13]} 10.
e3 {[%clk 00:47:10]} {[%emt 00:05:15]} Qc8 {[%clk 01:03:26]} {[%emt 00:16:14]}
11. d4 {[%clk 00:30:29]} {[%emt 00:17:12]} cxb4 {[%clk 01:03:09]} {[%emt
00:00:46]} 12. axb4 {[%clk 00:30:42]} {[%emt 00:00:17]} a5 {[%clk 01:03:15]}
{[%emt 00:00:25]} 13. b5 {[%clk 00:22:20]} {[%emt 00:08:52]} Nb8 {[%clk
01:01:45]} {[%emt 00:01:59]} 14. Qb3 {[%clk 00:20:29]} {[%emt 00:02:20]} Ne4
{[%clk 00:53:49]} {[%emt 00:08:26]} 15. Na4 {[%clk 00:17:21]} {[%emt 00:03:38]}
Nd7 {[%clk 00:54:18]} {[%emt 00:00:02]} 16. Ba3 {[%clk 00:16:17]} {[%emt
00:01:34]} g5 {[%clk 00:48:31]} {[%emt 00:06:17]} 17. h3 {[%clk 00:11:29]}
{[%emt 00:05:19]} h5 {[%clk 00:48:31]} {[%emt 00:00:30]} 18. Qd3 {[%clk
00:10:55]} {[%emt 00:01:04]} g4 {[%clk 00:43:09]} {[%emt 00:05:52]} 19. hxg4
{[%clk 00:10:41]} {[%emt 00:00:44]} hxg4 {[%clk 00:43:37]} {[%emt 00:00:01]}
20. Nh4 {[%clk 00:10:19]} {[%emt 00:00:53]} Ng5 {[%clk 00:36:13]} {[%emt
00:07:54]} 21. Qf5 {[%clk 00:01:14]} {[%emt 00:09:34]} Nf3+ {[%clk 00:35:33]}
{[%emt 00:01:11]} 22. Bxf3 {[%clk 00:01:04]} {[%emt 00:00:40]} gxf3 {[%clk
00:36:01]} {[%emt 00:00:02]} 23. Rfc1 {[%clk 00:00:37]} {[%emt 00:00:57]} e6
{[%clk 00:36:15]} {[%emt 00:00:16]} 24. Qf4 {[%clk 00:00:34]} {[%emt 00:00:32]}
e5 {[%clk 00:36:31]} {[%emt 00:00:15]} 25. Qg4 {[%clk 00:00:49]} {[%emt
00:00:14]} 1-0

[Event "DEM U16 2025"]
[Site "Willingen GER"]
[Date "2025.06.08"]
[Round "2"]
[White "Malinowsky, Levi"]
[Black "Helms, Finn"]
[Result "1/2-1/2"]
[Termination "normal"]
[Board "7"]
[WhiteTitle "CM"]
[WhiteElo "2193"]
[BlackElo "2153"]
[WhiteClock "00:05:17"]
[BlackClock "00:06:35"]
[PlyCount "58"]
[WhiteFideId "16253094"]
[BlackFideId "16249143"]
[EventCountry "GER"]
[EventRounds "9"]
[EventType "swiss"]
[EventDate "2025.06.07"]

1. e4 {[%clk 01:30:55]} {[%emt 00:00:04]} c6 {[%clk 01:30:53]} {[%emt
00:00:08]} 2. d4 {[%clk 01:31:08]} {[%emt 00:00:16]} d5 {[%clk 01:31:20]}
{[%emt 00:00:04]} 3. e5 {[%clk 01:31:24]} {[%emt 00:00:14]} Bf5 {[%clk
01:31:41]} {[%emt 00:00:08]} 4. Nd2 {[%clk 01:30:39]} {[%emt 00:01:16]} e6
{[%clk 01:30:09]} {[%emt 00:02:03]} 5. Nb3 {[%clk 01:30:02]} {[%emt 00:01:06]}
Nd7 {[%clk 01:25:28]} {[%emt 00:05:12]} 6. Nf3 {[%clk 01:28:29]} {[%emt
00:02:02]} Ne7 {[%clk 01:23:19]} {[%emt 00:02:39]} 7. a4 {[%clk 01:22:26]}
{[%emt 00:06:33]} Qc7 {[%clk 01:15:56]} {[%emt 00:07:53]} 8. Be2 {[%clk
01:16:51]} {[%emt 00:06:05]} c5 {[%clk 01:09:14]} {[%emt 00:07:13]} 9. dxc5
{[%clk 01:09:16]} {[%emt 00:08:03]} Nc6 {[%clk 01:03:13]} {[%emt 00:06:32]} 10.
O-O {[%clk 01:03:28]} {[%emt 00:06:18]} Nxc5 {[%clk 01:00:39]} {[%emt
00:03:04]} 11. Nbd4 {[%clk 00:57:39]} {[%emt 00:06:19]} Bg6 {[%clk 00:53:44]}
{[%emt 00:07:25]} 12. Bf4 {[%clk 00:52:46]} {[%emt 00:05:22]} a6 {[%clk
00:47:29]} {[%emt 00:06:46]} 13. c3 {[%clk 00:48:57]} {[%emt 00:04:19]} Be7
{[%clk 00:45:57]} {[%emt 00:02:02]} 14. Re1 {[%clk 00:44:44]} {[%emt 00:04:43]}
O-O {[%clk 00:44:23]} {[%emt 00:02:04]} 15. Rc1 {[%clk 00:33:54]} {[%emt
00:11:19]} Ne4 {[%clk 00:36:54]} {[%emt 00:07:59]} 16. Bd3 {[%clk 00:23:52]}
{[%emt 00:10:32]} Qb6 {[%clk 00:26:59]} {[%emt 00:10:25]} 17. Qe2 {[%clk
00:22:35]} {[%emt 00:01:47]} Rfc8 {[%clk 00:24:07]} {[%emt 00:03:22]} 18. Be3
{[%clk 00:18:51]} {[%emt 00:04:13]} Qc7 {[%clk 00:21:23]} {[%emt 00:03:15]} 19.
Nxc6 {[%clk 00:17:34]} {[%emt 00:01:47]} Qxc6 {[%clk 00:18:37]} {[%emt
00:03:16]} 20. Bc2 {[%clk 00:14:31]} {[%emt 00:03:33]} Rab8 {[%clk 00:14:06]}
{[%emt 00:05:02]} 21. Nd4 {[%clk 00:12:14]} {[%emt 00:02:46]} Qd7 {[%clk
00:13:20]} {[%emt 00:01:16]} 22. Ra1 {[%clk 00:11:00]} {[%emt 00:01:43]} b5
{[%clk 00:12:13]} {[%emt 00:01:38]} 23. Bd3 {[%clk 00:10:17]} {[%emt 00:01:13]}
Nc5 {[%clk 00:11:30]} {[%emt 00:01:13]} 24. Bxg6 {[%clk 00:10:25]} {[%emt
00:00:22]} hxg6 {[%clk 00:11:52]} {[%emt 00:00:07]} 25. axb5 {[%clk 00:10:07]}
{[%emt 00:00:49]} axb5 {[%clk 00:11:08]} {[%emt 00:01:15]} 26. Red1 {[%clk
00:08:57]} {[%emt 00:01:39]} Qc7 {[%clk 00:07:48]} {[%emt 00:03:50]} 27. Bf4
{[%clk 00:07:19]} {[%emt 00:02:09]} Qb6 {[%clk 00:06:35]} {[%emt 00:01:43]} 28.
Be3 {[%clk 00:05:17]} {[%emt 00:02:32]} Na4 {[%emt 00:08:36]} 29. Nf5 {[%emt
00:00:09]} Qc7 1/2-1/2